[Event "Leamington Spa 4NCL op-C 28th"]
[Site "Leamington Spa"]
[Date "2022.07.08"]
[Round "1"]
[White "Belinger, John"]
[Black "Cuthbert, Larissa"]
[Result "1-0"]
[WhiteElo "1685"]
[BlackElo "1505"]
[PlyCount "71"]
[EventDate "2022.07.08"]
[EventType "swiss"]
[EventRounds "5"]
[EventCountry "ENG"]
[SourceTitle "CBM 209 Extra"]
[Source "ChessBase"]
[SourceDate "2022.09.30"]
[SourceVersion "1"]
[SourceVersionDate "2022.09.30"]
[SourceQuality "1"]

1. e4 e6 2. d4 d5 3. Bd3 Nf6 4. exd5 exd5 5. Nf3 Be7 6. 0-0 Bg4 7. Re1 0-0 8. c3 c5 9. dxc5 Bxc5 10. Be3 Bd6 11. Nbd2 Qc7 12. h3 Bh5 13. Qc2 Nbd7 14. Rac1 Nc5 15. Bxc5 Bxc5 16. Nd4 Rac8 17. N2b3 Bb6 18. Qd2 Qd8 19. Nf5 Rc7 20. Nbd4 Kh8 21. Re3 Rd7 22. Rce1 Re8 23. Rxe8+ Nxe8 24. Bb5 Bxd4 25. Qxd4 f6 26. Bxd7 Qxd7 27. g4 Bg6 28. Re7 Qb5 29. Qe3 Kg8 30. Qe6+ Kf8 31. Nh4 Nd6 32. Nxg6+ hxg6 33. Qxd6 Kg8 34. Qe6+ Kh8 35. Qf7 Kh7 36. Qxg7# 1-0